00752nam a2200193 a 4500020001800000082001600018100002000034245003600054260005400090300001000144500003500154505010400189650001600293700001900309942000700328952010900335952009700444999001700541 a817435X 00a340.59bRAH a Rahman, Fazlur aIslamic Methodology in History. aNew Delhi bAdam Publisher and Distributer c1994 a208p. aincludes index and biblioraphy2 aThis Book Fulfils the Need of an Overall History of Islam Which Should Present the History of Islam aIslamic-Law1 aFazlur, Rahman cBK 00104070aHMIbHMId2019-07-08g150.00l5o340.59 RAHp014829r2020-01-21s2020-01-17w2026-01-16yBK 00104070aHMIbHMId2019-07-08g150.00l0o340.59 FAZp017724r2023-10-19w2026-01-16yBK c10498d10498